00680nam a2200217 a 450000100060000000300080000600500170001400800410003103500190007204000320009104100080012308200220013124500680015326000440022130000390026550000390030450400360034365000130037965000270039270000430041938538BD-RjUL20211209052820.0151229s1965 mdua b 000 0 eng  a(BD-RjUL)38643 aDLCcDLCdDLCdBD-RjULbeng aeng00a599223bMAM 196510aMammals of the world /cby Ernest P. Walker...[et al.]nVol.- I aBaltimore,bJohns Hopkins Press,c1965. aXLVIII, 644 p. :billus. ;c27 cm. aVol. 3: A classified bibliography. aBibliography: v. 1, p. 508-622. 0aMammals. 0aMammalsxBibliography. aWalker, Ernest P.q(Ernest Pillsbury),